Clique os Estados Brasileiros no Mapa - Statistics

Estatísticas Gerais
  • Esse quiz foi jogado 102 831 vezes
  • A pontuação média é 19 de 27
Respostas no mapa
Respostas codificadas por cores de uma escala verde-vermelha no mapa do quiz de acordo com a % correta abaixo.
 
Estatísticas das Respostas
Resposta % Correto
Amazonas
85%
Distrito Federal
81%
Rio Grande do Sul
81%
Rio de Janeiro
80%
Acre
78%
Minas Gerais
78%
São Paulo
78%
Bahia
77%
Mato Grosso
75%
Santa Catarina
75%
Espírito Santo
74%
Goiás
74%
Mato Grosso do Sul
74%
Paraná
70%
Pernambuco
70%
Pará
69%
Tocantins
67%
Amapá
64%
Roraima
64%
Rio Grande do Norte
63%
Maranhão
62%
Ceará
61%
Paraíba
59%
Rondônia
59%
Piauí
57%
Sergipe
57%
Alagoas
53%
Nenhum quiz correspondente encontrado
Distribuição das Pontuações
Porcentagem de Pessoas com Cada Pontuação
Percentil de Números Respondidos
Sua Pontuação Histórica
Você não jogou esse quiz